On justice in society (Record no. 366520)

000 -LEADER
fixed length control field 00320cam a22001217a 4500
008 - FIXED-LENGTH DATA ELEMENTS--GENERAL INFORMATION
fixed length control field 180718b1965 xxu||||| |||| 00| 0 eng d
082 ## - DEWEY DECIMAL CLASSIFICATION NUMBER
Classification number C41 G435o
100 ## - MAIN ENTRY--PERSONAL NAME
Personal name Ginsberg, Morris
245 ## - TITLE STATEMENT
Title On justice in society
Statement of responsibility, etc. by Morris Ginsberg
260 ## - PUBLICATION, DISTRIBUTION, ETC.
Place of publication, distribution, etc. London
Name of publisher, distributor, etc. Heinemann
Date of publication, distribution, etc. 1965
300 ## - PHYSICAL DESCRIPTION
Extent 248p.
650 ## - SUBJECT ADDED ENTRY--TOPICAL TERM
Topical term or geographic name entry element Civil Liberties
Holdings
Withdrawn status Lost status Damaged status Not for loan Permanent Location Current Location Date acquired Full call number Barcode Date last seen Price effective from Koha item type
        Indian Institute of Public Administration Indian Institute of Public Administration 1994-05-04 C41 G435o 37347 2018-07-21 2018-07-21 Book

Powered by Koha